Normal view MARC view
  • Construction Industry Research and Information Association

Entry Corporate Name

Number of records used in: 193

001 - CONTROL NUMBER

  • control field: 4810

003 - CONTROL NUMBER IDENTIFIER

  • control field: SIRSI

005 - DATE AND TIME OF LATEST TRANSACTION

  • control field: 20190806150237.0

008 - FIXED-LENGTH DATA ELEMENTS

  • fixed length control field: 051209n| aaannaabn |n ana d

040 ## - CATALOGING SOURCE

  • Original cataloging agency: OSt
  • Transcribing agency: OSt

110 2# - HEADING--CORPORATE NAME

  • Corporate name or jurisdiction name as entry element: Construction Industry Research and Information Association

410 ## - SEE FROM TRACING--CORPORATE NAME

  • Corporate name or jurisdiction name as entry element: CIRIA

670 ## - SOURCE DATA FOUND

  • Source citation: Management of accelerated low water corrosion in steel maritime structures, 2005